It's always something / (Record no. 102)

MARC details
000 -LEADER
fixed length control field 00777cam a2200265 a 4500
005 - DATE AND TIME OF LATEST TRANSACTION
control field 20260322212006.0
008 - FIXED-LENGTH DATA ELEMENTS--GENERAL INFORMATION
fixed length control field data
010 ## - LIBRARY OF CONGRESS CONTROL NUMBER
LC control number 89006303
020 ## - INTERNATIONAL STANDARD BOOK NUMBER
International Standard Book Number 0671638688 :
Terms of availability {dollar}17.95
020 ## - INTERNATIONAL STANDARD BOOK NUMBER
International Standard Book Number 9780671638689 :
Terms of availability {dollar}17.95
040 ## - CATALOGING SOURCE
Original cataloging agency DLC
Transcribing agency DLC
Modifying agency WSU
-- WSU
043 ## - GEOGRAPHIC AREA CODE
Geographic area code n-us---
050 0# - LIBRARY OF CONGRESS CALL NUMBER
Classification number PN2287.R218
Item number A3 1989
082 0# - DEWEY DECIMAL CLASSIFICATION NUMBER
Classification number B
-- B
Edition information 20
096 ## - LOCALLY ASSIGNED NLM-TYPE CALL NUMBER (OCLC)
Classification number QZ 200 R129 1989
001 - CONTROL NUMBER
control field data
100 1# - MAIN ENTRY--PERSONAL NAME
Personal name Radner, Gilda.
245 10 - TITLE STATEMENT
Title It's always something /
Statement of responsibility, etc. Gilda Radner.
260 0# - PUBLICATION, DISTRIBUTION, ETC.
Place of publication, distribution, etc. New York :
-- New York :
Name of publisher, distributor, etc. Simon and Schuster,
Date of publication, distribution, etc. c1989.
300 ## - PHYSICAL DESCRIPTION
Extent 269 p., [16] p. of plates :
Other physical details ill. ;
Dimensions 23 cm.
600 10 - SUBJECT ADDED ENTRY--PERSONAL NAME
Personal name Radner, Gilda.
650 #0 - SUBJECT ADDED ENTRY--TOPICAL TERM
Topical term or geographic name entry element Comedians
Geographic subdivision United States
General subdivision Biography.
650 #0 - SUBJECT ADDED ENTRY--TOPICAL TERM
Topical term or geographic name entry element Cancer
General subdivision Biography.
-- Biography.
650 #2 - SUBJECT ADDED ENTRY--TOPICAL TERM
Topical term or geographic name entry element Neoplasms
General subdivision personal narratives.
Holdings
Withdrawn status Lost status Damaged status Not for loan Home library Current library Shelving location Date acquired Total checkouts Full call number Barcode Date last seen Price effective from Koha item type
        Centerville Centerville General stacks 22/03/2026   792.7/028/092 B 20 BC0010106 22/03/2026 22/03/2026 Books